Statistics for City by picture

Click here to take the quiz!

General Stats

  • This quiz has been taken 24 times
  • The average score is 10 of 16

Answer Stats

Answer% Correct
New York City
100%
Rome
91%
Las Vegas
86%
Rio de Janeiro
77%
Cape Town
73%
Milan
73%
Bangkok
68%
Beijing
68%
Havana
68%
Dubai
64%
Xi'an
64%
Kuala Lumpur
59%
Reykjavik
41%
Ulaanbaatar
41%
Lisbon
27%
Islamabad
23%

Score Distribution

Percentile by Number Answered

Percent of People with Each Score

Your Score History

You have not taken this quiz